Normal view
MARC view
Entry Personal Name
001 - CONTROL NUMBER
- control field: 44104
003 - CONTROL NUMBER IDENTIFIER
- control field: dpl
005 - DATE AND TIME OF LATEST TRANSACTION
- control field: 20120322103447.0
008 - FIXED-LENGTH DATA ELEMENTS
- fixed length control field: 120322|||a|||||| | ||| d
040 ## - CATALOGING SOURCE
- Original cataloging agency: dpl
- Transcribing agency: dpl
100 ## - HEADING--PERSONAL NAME
- Personal name: Ashok Raj
670 ## - SOURCE DATA FOUND
- Source citation: Work cat.: (dpl)64185: Ashok Raj, Life and time of baba ramdev /, 2010
670 ## - SOURCE DATA FOUND
- Source citation: Work cat.: (dpl)64185: Ashok Raj, Life and time of baba ramdev /, 2010
